Statistiques concernant La plus grande ville de... n°3

Cliquez ici pour prendre le quiz!

Statistiques générales

  • Ce quiz a été pris 134 fois
  • Le résultat moyen est 12 sur 14

Statistiques - réponses

Plus gros dans ...Ville% Correct
EnglandLondres
98%
IrlandeDublin
96%
CorseAjaccio
95%
BeneluxBruxelles
93%
Alpes-MaritimesNice
93%
Bouches-du-RhôneMarseille
92%
Ex-TchécoslovaquiePrague
92%
Haute-GaronneToulouse
86%
ÉcosseGlasgow
84%
HonshuTokyo
83%
Pays de GallesCardiff
77%
KazakstanAstana
72%
JavaJakarta
72%
HokkaidoSapporo
43%

Distribution des résultats

Percentile par nombre de réponses

% des personnes avec chaque résultat

Votre développement - résultats

Vous n’avez pas pris ce quiz